Girl child and human rights / (Record no. 65764)

MARC details
000 -LEADER
fixed length control field 00501nam a22001577a 4500
005 - DATE AND TIME OF LATEST TRANSACTION
control field 20180728101502.0
008 - FIXED-LENGTH DATA ELEMENTS--GENERAL INFORMATION
fixed length control field 120428t xxu||||| |||| 00| 0 eng d
020 ## - INTERNATIONAL STANDARD BOOK NUMBER
International Standard Book Number 8126121599
Terms of availability 500.00
035 ## - SYSTEM CONTROL NUMBER
System control number B-121803, B-121802
040 ## - CATALOGING SOURCE
Original cataloging agency DPL
Language of cataloging ENG
245 ## - TITLE STATEMENT
Title Girl child and human rights /
Statement of responsibility, etc Ed. by Debadutta Chaudhary and S.N. Tripathi
260 ## - PUBLICATION, DISTRIBUTION, ETC. (IMPRINT)
Place of publication, distribution, etc New Delhi
Name of publisher, distributor, etc Anmol Publications
Date of publication, distribution, etc 2005
300 ## - PHYSICAL DESCRIPTION
Extent xi, 185p.
Dimensions 23cm
700 ## - ADDED ENTRY--PERSONAL NAME
Personal name Tripathy S.N.
9 (RLIN) 45992
942 ## - ADDED ENTRY ELEMENTS (KOHA)
Source of classification or shelving scheme Dewey Decimal Classification
Item type English Books
Classification part 323
Call number suffix GIR
Holdings
Withdrawn status Lost status Source of classification or shelving scheme Damaged status Not for loan Collection code Home library Current library Shelving location Date acquired Cost, normal purchase price Total Checkouts Full call number Barcode Date last seen Cost, replacement price Koha item type Source of acquisition
    Dewey Decimal Classification     Non-fiction Patel Nagar Patel Nagar   28/07/2018 500.00   323 GIR B-121802 28/07/2018 500.00 English Books BPPD/Pub
    Dewey Decimal Classification     Non-fiction Sarojini Nagar Sarojini Nagar General Stacks 28/04/2012 500.00   323 GIR B-121803 28/04/2012 500.00 English Books  

© Delhi Public Library
Hit Counter
free hit counter